Gok kalāva. (Record no. 85522)

MARC details
000 -LEADER
fixed length control field 00536cam a22002291 4500
001 - CONTROL NUMBER
control field sa 68014038
003 - CONTROL NUMBER IDENTIFIER
control field DLC
005 - DATE AND TIME OF LATEST TRANSACTION
control field 20260227112628.0
008 - FIXED-LENGTH DATA ELEMENTS--GENERAL INFORMATION
fixed length control field 941101s1964 ce a 000 0 sino
010 ## - LIBRARY OF CONGRESS CONTROL NUMBER
LC control number sa 68014038
025 ## - OVERSEAS ACQUISITION NUMBER
Overseas acquisition number PL480:C-131
035 ## - SYSTEM CONTROL NUMBER
System control number (OCoLC)31390544
040 ## - CATALOGING SOURCE
Original cataloging agency DLC
Transcribing agency CU
Modifying agency CU
-- DLC
042 ## - AUTHENTICATION CODE
Authentication code premarc
050 00 - LIBRARY OF CONGRESS CALL NUMBER
Classification number TT877
Item number .C36
100 1# - MAIN ENTRY--PERSONAL NAME
Personal name Candradāsa, A.
245 10 - TITLE STATEMENT
Title Gok kalāva.
260 ## - PUBLICATION, DISTRIBUTION, ETC.
Date of publication, distribution, etc. [1964]
300 ## - PHYSICAL DESCRIPTION
Extent vi, 223 p.
Other physical details illus.
Dimensions 22 cm.
500 ## - GENERAL NOTE
General note In Sinhalese.
650 #0 - SUBJECT ADDED ENTRY--TOPICAL TERM
Topical term or geographic name entry element Rush-work.

No items available.

Powered by Koha